Метрологические характеристики измерительных систем. Номенклатура. Принципы регламентации, определения и контроля. МИ 2439-97: рекомендация МИ 2439-97

Xehetasun bibliografikoak
Erakunde egilea: Всероссийский научно-исследовательский институт метрологической службы (ВНИИМС)
Gaia:Вводится впервые; утверждена 25.12.97
Hizkuntza:errusiera
Argitaratua: Москва, ВНИИМС, 1997
Edizioa:официальное изд.
Saila:Государственная система обеспечения единства измерений
Gaiak:
Formatua: MixedMaterials Liburua
KOHA link:https://koha.lib.tpu.ru/cgi-bin/koha/opac-detail.pl?biblionumber=153947

MARC

LEADER 00000nam0a2200000 4500
001 153947
005 20231101221729.0
029 1 0 |a RU  |b 2439-97  |c МИ 
035 |a (RuTPU)RU\TPU\book\166996 
090 |a 153947 
100 |a 20090219d1997 k a0rusy50 ca 
101 0 |a rus 
102 |a RU 
105 |a y l 000zy 
122 2 |a d2007121020  |a d2007121020 
200 1 |a Метрологические характеристики измерительных систем. Номенклатура. Принципы регламентации, определения и контроля. МИ 2439-97  |e рекомендация МИ 2439-97  |f Всероссийский научно-исследовательский институт метрологической службы (ВНИИМС) 
205 |a официальное изд. 
210 |a Москва  |c ВНИИМС  |d 1997 
215 |a 16 с. 
225 1 |a Государственная система обеспечения единства измерений 
300 |a Вводится впервые; утверждена 25.12.97 
606 1 |a Метрология  |2 stltpush  |3 (RuTPU)RU\TPU\subj\43497  |9 62988 
610 1 |a измерительные системы 
610 1 |a метрологические характеристики 
610 1 |a номенклатура 
610 1 |a регламентация 
610 1 |a определение 
610 1 |a контроль 
610 1 |a рекомендации 
610 1 |a МИ 2439-97 
675 |a 621:53.08  |v 3 
712 0 2 |a Всероссийский научно-исследовательский институт метрологической службы (ВНИИМС)  |2 stltpush  |3 (RuTPU)RU\TPU\col\4123 
801 1 |a RU  |b 63413507  |c 20090219  |g PSBO 
801 2 |a RU  |b 63413507  |c 20221208  |g PSBO 
942 |c BK